Eat the Pie to Reveal the Mystery Country - Statistics

General Stats
  • This quiz has been taken 171 times
  • The average score is 8 of 17
Answers on the Map
Answers color-coded by a green-red scale on the quiz's map according to % correct below.
 
Answer Stats
Answer % Correct
Digits of pi 3,
100%
1
97%
4
91%
1
75%
5
72%
9
63%
2
56%
6
49%
5
43%
3
35%
5
28%
8
23%
7
22%
9
22%
9
19%
3
18%
Mystery Country Uganda
18%
No matching quizzes found
Score Distribution
Percent of People with Each Score
Percentile by Number Answered
Your Score History
You have not taken this quiz